Baptist hymnal / (Record no. 6653)

MARC details
000 -LEADER
fixed length control field 00438nam a22001697a 4500
003 - CONTROL NUMBER IDENTIFIER
control field GBCCL
005 - DATE AND TIME OF LATEST TRANSACTION
control field 20241126110608.0
008 - FIXED-LENGTH DATA ELEMENTS--GENERAL INFORMATION
fixed length control field 180523b ||||| |||| 00| 0 eng d
040 ## - CATALOGING SOURCE
Transcribing agency gbc
082 ## - DEWEY DECIMAL CLASSIFICATION NUMBER
Classification number 264.23
Item number BAP
245 ## - TITLE STATEMENT
Title Baptist hymnal /
Statement of responsibility, etc. Edited by Walter Hines Sims
250 ## - EDITION STATEMENT
Edition statement 8th printing
260 ## - PUBLICATION, DISTRIBUTION, ETC.
Name of publisher, distributor, etc. Convention Press,
Place of publication, distribution, etc. Nashville:
Date of publication, distribution, etc. 1956
300 ## - PHYSICAL DESCRIPTION
Extent 566 p.;
Dimensions 23 cm.
650 ## - SUBJECT ADDED ENTRY--TOPICAL TERM
Topical term or geographic name entry element Hymns, Baptist
9 (RLIN) 11897
942 ## - ADDED ENTRY ELEMENTS (KOHA)
Source of classification or shelving scheme Dewey Decimal Classification
Koha item type Books
Holdings
Withdrawn status Lost status Source of classification or shelving scheme Damaged status Not for loan Home library Current Library Shelving location Date acquired Total checkouts Full call number Barcode Date last seen Copy number Price effective from Koha item type
    Dewey Decimal Classification     GRACE BIBLE COLLEGE GRACE BIBLE COLLEGE Ministry & Mission 2018-05-23   264.23 BAP 003104 2025-05-01 c.1 2018-05-23 Books
© Grace Bible College Library 2025